000 00261nam a22001217a 4500
008 180215b xxu||||| |||| 00| 0 eng d
041 _aeng
080 _a32
100 _a26
101 _aPOL
245 _aTHE PALESTIAN ECONOMY
_cABED.G.T
942 _2udc
_cBK
999 _c42653
_d42653